000 00710nam a2200289Ia 4500
005 20260324111502.0
008 008 260324s9999 xx 000 0 eng d
020 _a9781003255857
037 _aEBOOK
040 _aCRL
040 _beng
040 _cCRL
041 _2eng
041 _aeng
084 _qCRL
100 _aClara Oropeza, PhD
_91138758
245 2 _aA Re-mapping of Womanhood and Creativity
245 2 _bA Literary and Depth Psychological Perspective
260 _bTaylor and Francis
260 _c2025
365 _a
365 _b220
856 _uhttp://www.taylorfrancis.com/books/9781003255857
942 _cEBOOK
999 _c1727599
_d1727599